000 00660nam a2200229Ia 4500
003 OSt
005 20220923220957.0
006 a|||||r|||| 00| 0
007 ta
008 220922b |||||||| |||| 00| 0 hin d
024 _a193,145
037 _cTextual
040 _aARTS
_cARTS
_bhin
041 _2hin
_ahin
082 _aV2:2:N5, 152J22
100 _aभट्टाचार्य, बी.
245 0 _aभारत का नया संविघान
246 _aBhārat kā nayā sanvighāna
260 _c1952
942 _hV2:2:N5, 152J22
_cTEXL
_2CC
999 _c345636
_d345636